[Event "Gaborone Masaiti (Women)"]
[Site "Gaborone"]
[Date "2023.12.22"]
[Round "7"]
[White "Francis, Onkemetse"]
[Black "Besa, Masaiti"]
[Result "1/2-1/2"]
[WhiteElo "1785"]
[BlackElo "1757"]
[PlyCount "49"]
[EventDate "2023.12.18"]
[EventType "tourn"]
[EventRounds "9"]
[EventCountry "BOT"]
[SourceTitle "CB52_2023"]
[SourceDate "2023.12.27"]
[SourceVersion "1"]
[SourceVersionDate "2023.12.27"]
[SourceQuality "1"]

1. e4 c5 2. Nc3 g6 3. g3 Bg7 4. Bg2 Nc6 5. d3 d6 6. Nge2 Nf6 7. Be3 h5 8. h3 Bd7 9. Qd2 a6 10. f4 e6 11. d4 cxd4 12. Nxd4 0-0 13. 0-0-0 Na5 14. Bf1 Rc8 15. Kb1 b5 16. Bd3 Nc4 17. Bxc4 Rxc4 18. e5 dxe5 19. fxe5 Nd5 20. Nxd5 exd5 21. g4 Qe7 22. gxh5 Qxe5 23. hxg6 fxg6 24. c3 b4 25. Rhe1 1/2-1/2

[Event "Texas Collegiate Super Finals"]
[Site "Richardson"]
[Date "2022.10.22"]
[Round "1"]
[White "Besa, Masaiti"]
[Black "Petenyi, Tamas"]
[Result "0-1"]
[WhiteElo "1758"]
[BlackElo "2421"]
[PlyCount "56"]
[EventDate "2022.10.22"]
[EventType "swiss"]
[EventRounds "4"]
[EventCountry "USA"]
[SourceTitle "EXT 2024"]
[Source "ChessBase"]
[SourceDate "2023.10.10"]
[SourceVersion "1"]
[SourceVersionDate "2023.10.10"]
[SourceQuality "1"]

1. d4 Nf6 2. Nc3 d6 3. Bf4 Nbd7 4. Nf3 c5 5. e3 g6 6. Be2 Bg7 7. Qd2 a6 8. h3 b5 9. 0-0 Bb7 10. Rfe1 0-0 11. Nh2 b4 12. Nd1 Ne4 13. Qd3 e5 14. f3 exf4 15. fxe4 fxe3 16. c3 cxd4 17. cxd4 Re8 18. Bf3 Qb6 19. Nxe3 Qxd4 20. Rad1 Qxd3 21. Rxd3 Nc5 22. Rxd6 Bxb2 23. Rb1 Be5 24. Rb6 Bd4 25. Nhf1 Bxe4 26. Bxe4 Rxe4 27. Re1 Nd3 28. Nd2 Nxe1 0-1

[Event "Olympiad Women-44"]
[Site "Chennai"]
[Date "2022.08.09"]
[Round "11.1"]
[White "Heba, Assi"]
[Black "Besa, Masaiti"]
[Result "0-1"]
[WhiteElo "1449"]
[BlackElo "1745"]
[PlyCount "72"]
[EventDate "2022.07.29"]
[EventType "team-swiss"]
[EventRounds "11"]
[EventCountry "IND"]
[SourceTitle "CBM 210"]
[Source "ChessBase"]
[SourceDate "2022.10.31"]
[SourceVersion "1"]
[SourceVersionDate "2022.10.31"]
[SourceQuality "1"]
[WhiteTeam "Palestine (W)"]
[BlackTeam "Botswana (W)"]
[WhiteTeamCountry "PLE"]
[BlackTeamCountry "BOT"]

1. d4 Nf6 2. Nf3 g6 3. e3 d5 4. Be2 Bg7 5. b3 c5 6. Bb2 Nc6 7. 0-0 cxd4 8. exd4 0-0 9. Nbd2 Bf5 10. c4 Rc8 11. Rc1 Nb4 12. a3 Nd3 13. Bxd3 Bxd3 14. Re1 Re8 15. Ne5 Bf5 16. b4 dxc4 17. Ndxc4 Nd5 18. Qb3 Be6 19. Qf3 Bh6 20. Ne3 Qd6 21. N5c4 Qf4 22. Ng4 Qxg4 23. Ne5 Rxc1 24. Bxc1 Qxf3 25. Nxf3 Bxc1 26. Rxc1 Rc8 27. Rc5 b6 28. Rxc8+ Bxc8 29. Ne5 Bb7 30. f3 f6 31. Nd3 Nc3 32. Nb2 Ne2+ 33. Kf2 Nxd4 34. f4 Nc2 35. a4 Nxb4 36. Nc4 Bd5 0-1

[Event "Olympiad Women-44"]
[Site "Chennai"]
[Date "2022.07.31"]
[Round "3.1"]
[White "Besa, Masaiti"]
[Black "Nilssen, Ellen Fredericia"]
[Result "0-1"]
[WhiteElo "1745"]
[BlackElo "2142"]
[PlyCount "58"]
[EventDate "2022.07.29"]
[EventType "team-swiss"]
[EventRounds "11"]
[EventCountry "IND"]
[SourceTitle "CBM 210"]
[Source "ChessBase"]
[SourceDate "2022.10.31"]
[SourceVersion "1"]
[SourceVersionDate "2022.10.31"]
[SourceQuality "1"]
[WhiteTeam "Botswana (W)"]
[BlackTeam "Denmark (W)"]
[WhiteTeamCountry "BOT"]
[BlackTeamCountry "DEN"]

1. d4 Nf6 2. Bf4 g6 3. Nf3 Bg7 4. Nc3 d5 5. h3 0-0 6. Qd2 Ne4 7. Nxe4 dxe4 8. Ne5 c5 9. e3 Qb6 10. c3 Rd8 11. Bc4 Be6 12. Bxe6 Qxe6 13. Qc2 g5 14. Bg3 f6 15. Ng4 Na6 16. Nh2 cxd4 17. exd4 f5 18. Nf1 Bxd4 19. cxd4 Nb4 20. Qc3 Nd3+ 21. Kd2 f4 22. Bh2 Nxf2 23. Rg1 Rac8 24. Qb3 Rxd4+ 25. Ke2 Qxb3 26. axb3 Rc2+ 27. Ke1 Rxb2 28. g3 f3 29. g4 Re2# 0-1

[Event "Olympiad Women-44"]
[Site "Chennai"]
[Date "2022.07.29"]
[Round "1.1"]
[White "Besa, Masaiti"]
[Black "Danielian, Elina"]
[Result "0-1"]
[WhiteElo "1745"]
[BlackElo "2441"]
[PlyCount "68"]
[EventDate "2022.07.29"]
[EventType "team-swiss"]
[EventRounds "11"]
[EventCountry "IND"]
[SourceTitle "CBM 210"]
[Source "ChessBase"]
[SourceDate "2022.10.31"]
[SourceVersion "1"]
[SourceVersionDate "2022.10.31"]
[SourceQuality "1"]
[WhiteTeam "Botswana (W)"]
[BlackTeam "Armenia (W)"]
[WhiteTeamCountry "BOT"]
[BlackTeamCountry "ARM"]

1. d4 Nf6 2. Bf4 g6 3. Nf3 Bg7 4. Nc3 d6 5. Qd2 c6 6. e4 0-0 7. 0-0-0 Bg4 8. Bh6 b5 9. Bxg7 Kxg7 10. h3 Bxf3 11. gxf3 Nbd7 12. h4 h5 13. f4 b4 14. e5 bxc3 15. exf6+ Nxf6 16. Qxc3 e6 17. Bd3 Rb8 18. Qxc6 Nd5 19. a3 Rb6 20. Qa4 Qb8 21. f5 Rxb2 22. Rdg1 exf5 23. Bxf5 Qb6 24. Kd2 Qc7 25. Rg3 Nb6 26. Qa6 Nc4+ 27. Kd3 Nxa3 28. Ke2 Nxc2 29. Kf1 Re8 30. Qd3 Ne1 31. Qd1 d5 32. Rhg1 Qf4 33. Rxg6+ fxg6 34. Rxg6+ Kf7 0-1

[Event "Online Olym Div3 C"]
[Site "Chess.com INT"]
[Date "2021.08.28"]
[Round "6.3"]
[White "Fatima, Saif Al Ali"]
[Black "Besa, Masaiti"]
[Result "0-1"]
[WhiteElo "1352"]
[BlackElo "1708"]
[PlyCount "46"]
[EventDate "2021.08.27"]
[EventType "team-tourn (rapid)"]
[EventRounds "9"]
[EventCountry "USA"]
[SourceTitle "CBM 204 Extra"]
[Source "ChessBase"]
[SourceDate "2021.11.30"]
[SourceVersion "1"]
[SourceVersionDate "2021.11.30"]
[SourceQuality "1"]
[WhiteTeam "United Arab Emirates"]
[BlackTeam "Botswana"]
[WhiteTeamCountry "UAE"]
[BlackTeamCountry "BOT"]

1. e4 c5 2. Nf3 g6 3. d4 cxd4 4. Nxd4 Bg7 5. Nc3 Nc6 6. Be3 Nf6 7. Bc4 0-0 8. Bb3 d6 9. f3 Bd7 10. Qd2 Na5 11. Bh6 Qb6 12. 0-0-0 Nxb3+ 13. axb3 a5 14. Nd5 Nxd5 15. exd5 a4 16. b4 Bxh6 17. Qxh6 Qxb4 18. f4 a3 19. bxa3 Rxa3 20. Nb3 Rxb3 21. cxb3 Qc3+ 22. Kb1 Bf5+ 23. Ka2 Ra8# 0-1

[Event "Titled Tuesday intern op 01st June"]
[Site "Chess.com INT"]
[Date "2021.06.01"]
[Round "1"]
[White "Besa, Masaiti"]
[Black "Golubev, Mikhail"]
[Result "0-1"]
[WhiteElo "1708"]
[BlackElo "2461"]
[PlyCount "58"]
[EventDate "2021.06.01"]
[EventType "swiss (blitz)"]
[EventRounds "11"]
[EventCountry "USA"]
[SourceTitle "CBM 202 Extra"]
[Source "ChessBase"]
[SourceDate "2021.07.31"]
[SourceVersion "1"]
[SourceVersionDate "2021.07.31"]
[SourceQuality "1"]

1. c4 g6 2. Nf3 Bg7 3. Nc3 d6 4. g3 e5 5. Bg2 Nc6 6. 0-0 f5 7. d3 h6 8. a3 g5 9. Nd5 a5 10. Rb1 Nce7 11. Nxe7 Nxe7 12. b4 axb4 13. axb4 0-0 14. Bb2 Ng6 15. Qc2 g4 16. Nd2 h5 17. c5 d5 18. b5 h4 19. c6 b6 20. Qb3 Be6 21. e4 Qg5 22. exd5 Bf7 23. Nc4 Rad8 24. d6 Rxd6 25. Qb4 Rxd3 26. Bc1 Qf6 27. Re1 hxg3 28. hxg3 Rd4 29. Bf1 f4 0-1

[Event "Titled Tuesday intern op 01st June"]
[Site "Chess.com INT"]
[Date "2021.06.01"]
[Round "3"]
[White "Jakubowska, Anna"]
[Black "Besa, Masaiti"]
[Result "1-0"]
[WhiteElo "2073"]
[BlackElo "1708"]
[PlyCount "81"]
[EventDate "2021.06.01"]
[EventType "swiss (blitz)"]
[EventRounds "11"]
[EventCountry "USA"]
[SourceTitle "CBM 202 Extra"]
[Source "ChessBase"]
[SourceDate "2021.07.31"]
[SourceVersion "1"]
[SourceVersionDate "2021.07.31"]
[SourceQuality "1"]

1. e4 c5 2. Nf3 g6 3. d4 cxd4 4. Qxd4 Nf6 5. e5 Nc6 6. Qa4 Nd5 7. c4 Nb6 8. Qc2 d6 9. exd6 exd6 10. Be2 Bg7 11. 0-0 0-0 12. Nc3 d5 13. cxd5 Nb4 14. Qb3 N4xd5 15. Bg5 Nf6 16. Rad1 Qc7 17. Nb5 Qc5 18. Rc1 Qd5 19. Qa3 Bg4 20. Nc7 Qe4 21. Nxa8 Rxa8 22. Rfe1 Qf5 23. Be3 Nbd5 24. Nd4 Qh5 25. Bf1 Nxe3 26. fxe3 a6 27. Be2 Bxe2 28. Nxe2 Re8 29. Nf4 Qe5 30. Qc5 Qxc5 31. Rxc5 Ne4 32. Rc7 b5 33. b3 a5 34. Ra7 a4 35. bxa4 bxa4 36. Rxa4 Nc3 37. Ra7 Bd4 38. Ra3 Bxe3+ 39. Kf1 Nd1 40. Nd5 Re5 41. Nxe3 1-0